000 00976cam a22002771 4500
001 ne 68004712
003 DLC
005 20260227111851.0
008 940215s1968 ua ah b 000 0 arar
010 _ane 68004712
035 _a(OCoLC)29818970
040 _aDLC
_cCU
_dCU
_dDLC
042 _apremarc
050 0 0 _aQA32
_b.K45 1968
100 1 _aKhuwārizmī, Muḥammad ibn Mūsá,
_dactive 813-846.
245 1 0 _aKitāb al-jabr wa-al-muqābalah /
_cli-Muḥammad ibn Mūsá al-Khuwārizmī ; taqdīm wa-taʻlīq ʻAlī Muṣṭafá Musharrafah wa-Muḥammad Mursī Aḥmad.
250 _a[al-Ṭabʻah 3]
260 _aMiṣr :
_bDār al-Kātib al-ʻArabī,
_c1968.
300 _a6, 106 p. :
_billus., facsims. ;
_c25 cm.
490 0 _aTurāthunā
504 _aBibliographical footnotes.
650 0 _aMathematics, Arab.
700 1 _aMusharrafah, ʻAlī Muṣṭafá,
_eed.
700 1 _aAḥmad, Muḥammad Mursī,
_eed.
740 3 _aal-Jabr wa-al-muqābalah.
999 _c51128
_d51128